LEADER 02212nas 2200625-a 450 001 996335917203316 005 20240413024308.0 011 $a1478-3401 035 $a(DE-599)ZDB2105497-6 035 $a(CKB)111006469465294 035 $a(CONSER)--2002262042 035 $a(EXLCZ)99111006469465294 100 $a20020502a20029999 --- - 101 0 $aeng 181 $ctxt$2rdacontent 182 $cc$2rdamedia 183 $acr$2rdacarrier 200 00$aInternational development planning review $eIDPR 210 $aLiverpool $cLiverpool University Press$d©2002- 215 $a1 online resource 300 $aRefereed/Peer-reviewed 300 $aTitle from cover. 311 $aPrint version: International development planning review : (DLC) 2002262042 (OCoLC)49706570 1474-6743 517 3 $aIDPR 531 $aIDPR 531 $aINT DEV PLANN REV 531 $aINT. DEV. PLAN. REV 606 $aCity planning$zDeveloping countries$vPeriodicals 606 $aRegional planning$zDeveloping countries$vPeriodicals 606 $aCivic improvement$zDeveloping countries$vPeriodicals 606 $aVilles$xAménagement et assainissement$zPays en voie de développement$vPériodiques 606 $aAménagement du territoire$zPays en voie de développement$vPériodiques 606 $aCivic improvement$2fast$3(OCoLC)fst00862325 606 $aCity planning$2fast$3(OCoLC)fst00862177 606 $aRegional planning$2fast$3(OCoLC)fst01093120 606 $aSociaal-economische planning$2gtt 607 $aDeveloping countries$2fast 608 $aPeriodicals.$2fast 608 $aPeriodicals.$2lcgft 608 $aPeriodicals.$2lcgft 615 0$aCity planning 615 0$aRegional planning 615 0$aCivic improvement 615 6$aVilles$xAménagement et assainissement 615 6$aAménagement du territoire 615 7$aCivic improvement. 615 7$aCity planning. 615 7$aRegional planning. 615 17$aSociaal-economische planning. 676 $a361.6/09172/4 906 $aJOURNAL 912 $a996335917203316 920 $aexl_impl conversion 996 $aInternational development planning review$91325216 997 $aUNISA LEADER 02299oas 2200913 a 450 001 9910763984103321 005 20251106213014.0 011 $a1938-1395 035 $a(DE-599)ZDB2186285-0 035 $a(DE-599)2186285-0 035 $a(OCoLC)58842408 035 $a(CONSER) 2008213503 035 $a(CKB)110978979586829 035 $a(EXLCZ)99110978979586829 100 $a20050408a19789999 sy a 101 0 $aeng 135 $aurcnu|||||||| 181 $ctxt$2rdacontent 182 $cc$2rdamedia 183 $acr$2rdacarrier 200 10$aContemporary diagnostic radiology 210 $aHagerstown, MD $cLippincott Williams & Wilkins 311 08$a0149-9009 531 0 $aContemp. diagn. radiol. 606 $aMedical radiology$vPeriodicals 606 $aDiagnosis, Radioscopic$vPeriodicals 606 $aDiagnosis 606 $aRadiology 606 $aRadiodiagnostics$vPe?riodiques 606 $aDiagnostics 606 $aRadiologie 606 $adiagnosis$2aat 606 $aradiology$2aat 606 $aDiagnosis, Radioscopic$2fast$3(OCoLC)fst00892327 606 $aMedical radiology$2fast$3(OCoLC)fst01088281 608 $aPeriodical. 608 $aperiodicals.$2aat 608 $aPeriodicals.$2fast 608 $aPeriodicals.$2lcgft 608 $aPe?riodiques.$2rvmgf 615 0$aMedical radiology 615 0$aDiagnosis, Radioscopic 615 2$aDiagnosis. 615 2$aRadiology. 615 6$aRadiodiagnostics 615 6$aDiagnostics. 615 6$aRadiologie. 615 7$adiagnosis. 615 7$aradiology. 615 7$aDiagnosis, Radioscopic. 615 7$aMedical radiology. 676 $a616 801 0$bSBH 801 1$bSBH 801 2$bOCLCQ 801 2$bNSD 801 2$bOCLCQ 801 2$bMYG 801 2$bOCLCQ 801 2$bOCLCF 801 2$bOCLCA 801 2$bDLC 801 2$bOCL 801 2$bOCLCQ 801 2$bNLE 801 2$bAU@ 801 2$bOCLCO 801 2$bUKMGB 801 2$bVT2 801 2$bOCLCQ 801 2$bOCLCO 801 2$bOCLCQ 801 2$bOCLCL 801 2$bSFB 801 2$bOCLCQ 906 $aJOURNAL 912 $a9910763984103321 996 $aContemporary diagnostic radiology$93645303 997 $aUNINA